Thi pháp thơ Đường
Nguyên nhân hưng thịnh của thơ Đường và những tiền đề của thi pháp thơ Đường. Các phương pháp sáng tác: không gian, thời gian nghệ thuật, thể loại và kết cấu, con người và ngôn ngữ trong thơ Đường....
Đã lưu trong:
| Hovedforfatter: | |
|---|---|
| Format: | Bog |
| Sprog: | Undetermined |
| Udgivet: |
Huế
Thuận Hóa
1995
|
| Fag: | |
| Tags: |
Tilføj Tag
Ingen Tags, Vær først til at tagge denne postø!
|
| Thư viện lưu trữ: | Trung tâm Học liệu Trường Đại học Cần Thơ |
|---|
| LEADER | 00999nam a2200217Ia 4500 | ||
|---|---|---|---|
| 001 | CTU_4450 | ||
| 008 | 210402s9999 xx 000 0 und d | ||
| 082 | |a 895.11009 | ||
| 082 | |b H103 | ||
| 100 | |a Nguyễn, Thị Bích Hải | ||
| 245 | 0 | |a Thi pháp thơ Đường | |
| 245 | 0 | |c Nguyễn Thị Bích Hải | |
| 260 | |a Huế | ||
| 260 | |b Thuận Hóa | ||
| 260 | |c 1995 | ||
| 520 | |a Nguyên nhân hưng thịnh của thơ Đường và những tiền đề của thi pháp thơ Đường. Các phương pháp sáng tác: không gian, thời gian nghệ thuật, thể loại và kết cấu, con người và ngôn ngữ trong thơ Đường. | ||
| 526 | |a Thơ tứ tuyệt trong văn học trung đại Việt Nam,Thơ Đường trong nhà trường phổ thông | ||
| 526 | |b XHV602,SP536 | ||
| 650 | |a Chinese poetry | ||
| 904 | |i T.Trang | ||
| 980 | |a Trung tâm Học liệu Trường Đại học Cần Thơ | ||